Cities by their Skylines - Statistics

General Stats
  • This quiz has been taken 45 times
    17 since last reset
  • The average score is 12 of 20
Answer Stats
Picture Answer % Correct
Sydney
100%
Athens
93%
Kuala Lumpur
93%
Las Vegas
93%
Barcelona
87%
Beijing
87%
Singapore
87%
Cape Town
80%
Mecca
73%
Milan
67%
Lisbon
53%
Bangkok
47%
Tokyo
47%
Abu Dhabi
40%
Bogota
27%
Seoul
27%
Wellington
27%
Santiago de Chile
20%
Samarkand
7%
Bandar Seri Begawan
0%
No matching quizzes found
Score Distribution
Percent of People with Each Score
Percentile by Number Answered
Your Score History
You have not taken this quiz since the last reset